000 00410nam a22001697a 4500
003 OSt
005 20240406111407.0
008 180521b xxu||||| |||| 00| 0 eng d
020 _a9789386479488
040 _cIIMT UNIVERSITY
100 _aSINGH R S
245 _aINTDODUCTION TO PRINCIPLES OF PLANT PATHOLOGY
260 _aDELHI
_bC B S
_c2018
300 _b402
856 _3PAPER BACK
942 _2ddc
_c01
999 _c44222
_d44222